[Event "Meister gegen Talente NSV-II"]
[Site "Emanuel Lasker Arena"]
[Date "2020.11.07"]
[Round "1.1"]
[White "HannesFM"]
[Black "Beyond_uoschi"]
[Result "1-0"]
[WhiteElo "1600"]
[BlackElo "1817"]
[Annotator "NA RC"]
[PlyCount "87"]
[EventDate "2020.11.07"]
[EventType "match (rapid)"]

1. e4 {[%emt 0:00:07]} e5 {[%emt 0:00:01]} 2. Nf3 {[%emt 0:00:02]} Nc6 {[%emt 0:00:01]} 3. Bb5 {[%emt 0:00:02]} a6 {[%emt 0:00:01]} 4. Ba4 {[%emt 0:00:01]} Nf6 {[%emt 0:00:02]} 5. O-O {[%emt 0:00:01]} Be7 {[%emt 0:00:01]} 6. Re1 {[%emt 0:00:02]} b5 {[%emt 0:00:01]} 7. Bb3 {[%emt 0:00:02]} d6 {[%emt 0:00:00]} 8. c3 {[%emt 0:00:04]} O-O {[%emt 0:00:01]} 9. h3 {[%emt 0:00:01]} Na5 {[%emt 0:00:01]} 10. Bc2 {[%emt 0:00:01]} c5 {[%emt 0:00:01]} 11. d4 {[%emt 0:00:01]} Nd7 {[%emt 0:00:01]} 12. Nbd2 {[%emt 0:00:03]} exd4 {[%emt 0:00:01]} 13. cxd4 {[%emt 0:00:01]} Nc6 {[%emt 0:00:00]} 14. Nf1 {[%emt 0:00:11]} cxd4 {[%emt 0:00:01]} 15. Nxd4 {[%emt 0:00:01]} Nxd4 {[%emt 0:00:00]} 16. Qxd4 {[%emt 0:00:01]} Ne5 {[%emt 0:00:00]} 17. f4 {[%emt 0:00:42]} Nc6 {[%emt 0:00:11]} 18. Qf2 {[%emt 0:00:04]} Bh4 {[%emt 0:00:01]} 19. g3 {[%emt 0:00:02]} Bf6 {[%emt 0:00:00]} 20. Qg2 {[%emt 0:00:07]} Qd7 {[%emt 0:00:35]} 21. g4 {[%emt 0:00:41]} Bb7 {[%emt 0:00:04]} 22. Ng3 {[%emt 0:00:08]} Nb4 {[%emt 0:01:26]} 23. Bb1 {[%emt 0:00:32]} d5 {[%emt 0:00:05]} 24. e5 {[%emt 0:00:13]} Bh4 {[%emt 0:00:01]} 25. Bd2 {[%emt 0:00:17]} d4 {[%emt 0:00:11]} 26. Be4 {[%emt 0:00:09]} Nc2 {[%emt 0:02:24]} 27. Bxb7 {[%emt 0:00:52]} Bxg3 {[%emt 0:00:02]} 28. Rec1 {[%emt 0:03:01]} Nxa1 {[%emt 0:04:28]} 29. Bxa8 {[%emt 0:00:17]} d3 {[%emt 0:01:01]} 30. Qxg3 {[%emt 0:00:48]} Qd4+ {[%emt 0:00:18]} 31. Be3 {[%emt 0:01:00]} Qxb2 {[%emt 0:00:03]} 32. Be4 {[%emt 0:00:02]} Nc2 {[%emt 0:00:49]} 33. Bxd3 {[%emt 0:00:03]} Nxe3 {[%emt 0:00:01]} 34. Qxe3 {[%emt 0:00:00]} Qxa2 {[%emt 0:00:00]} 35. f5 {[%emt 0:00:16]} Re8 {[%emt 0:00:48]} 36. Rc6 {[%emt 0:01:32]} Qa1+ {[%emt 0:00:40]} 37. Kg2 {[%emt 0:00:16]} Qb2+ {[%emt 0:00:04]} 38. Kg3 {[%emt 0:00:14]} a5 {[%emt 0:00:39]} 39. e6 {[%emt 0:01:01]} Kh8 {[%emt 0:00:01]} 40. e7 {[%emt 0:01:00]} Qa3 {[%emt 0:00:01]} 41. Rc8 {[%emt 0:00:11]} Qd6+ {[%emt 0:00:03]} 42. Kg2 {[%emt 0:00:09]} Qd5+ {[%emt 0:00:11]} 43. Kf2 {[%emt 0:00:02]} Qa2+ {[%emt 0:00:02]} 44. Be2 {[%emt 0:00:04] Beyond_uoschi gibt auf (Lag: Av=0.47s, max=1.4s)} 1-0

[Event "Meister gegen Talente NSV-II"]
[Site "Emanuel Lasker Arena"]
[Date "2020.11.07"]
[Round "1.1"]
[White "Christiqn"]
[Black "Torjaeger10"]
[Result "0-1"]
[WhiteElo "1588"]
[BlackElo "1591"]
[Annotator "NA RC"]
[PlyCount "86"]
[EventDate "2020.11.07"]
[EventType "match (rapid)"]

1. b3 {[%emt 0:00:13]} Nf6 {[%emt 0:00:18]} 2. Bb2 {[%emt 0:00:08]} g6 {[%emt 0:00:07]} 3. g3 {[%emt 0:00:13] Torjaeger10 reconnected.} Bg7 {[%emt 0:00:27]} 4. Bg2 {[%emt 0:00:01]} O-O {[%emt 0:00:07]} 5. Nf3 {[%emt 0:00:11]} d6 {[%emt 0:00:10]} 6. d4 {[%emt 0:00:04]} c6 {[%emt 0:00:09]} 7. O-O {[%emt 0:00:02]} Qc7 {[%emt 0:00:01]} 8. c4 {[%emt 0:00:03]} Nbd7 {[%emt 0:00:03]} 9. Nc3 {[%emt 0:00:01]} e6 {[%emt 0:00:03]} 10. Qc2 {[%emt 0:00:05]} Re8 {[%emt 0:00:07]} 11. Rfd1 {[%emt 0:00:02]} Nf8 {[%emt 0:01:10]} 12. Rac1 {[%emt 0:00:09]} e5 {[%emt 0:00:07]} 13. c5 {[%emt 0:00:18]} dxc5 {[%emt 0:00:39]} 14. dxe5 {[%emt 0:00:09]} Ng4 {[%emt 0:00:04]} 15. Ne4 {[%emt 0:00:02]} Nxe5 {[%emt 0:00:08]} 16. Nxc5 {[%emt 0:01:10]} Bf5 {[%emt 0:00:24]} 17. e4 {[%emt 0:00:42]} Bg4 {[%emt 0:00:10]} 18. Nxe5 {[%emt 0:00:54]} Bxd1 {[%emt 0:00:16]} 19. Rxd1 {[%emt 0:00:03]} Bxe5 {[%emt 0:00:05]} 20. Bxe5 {[%emt 0:00:06]} Qxe5 {[%emt 0:00:00]} 21. Nxb7 {[%emt 0:00:05]} Rab8 {[%emt 0:01:02]} 22. f4 {[%emt 0:00:09]} Qb5 {[%emt 0:00:07]} 23. Nd6 {[%emt 0:00:12]} Qb6+ {[%emt 0:00:02]} 24. Kh1 {[%emt 0:00:01]} Red8 {[%emt 0:01:01]} 25. e5 {[%emt 0:00:09]} Qe3 {[%emt 0:01:29]} 26. Rf1 {[%emt 0:00:32]} Ne6 {[%emt 0:01:13]} 27. Qxc6 {[%emt 0:04:00]} Qe2 {[%emt 0:01:22]} 28. Qa4 {[%emt 0:02:41]} a6 {[%emt 0:00:42]} 29. f5 {[%emt 0:00:38]} Nc5 {[%emt 0:00:48]} 30. Qd4 {[%emt 0:00:13]} Nd3 {[%emt 0:02:07]} 31. fxg6 {[%emt 0:03:01]} hxg6 {[%emt 0:00:08]} 32. Qc4 {[%emt 0:00:09]} Nf2+ {[%emt 0:00:17]} 33. Kg1 {[%emt 0:00:05]} Qxc4 {[%emt 0:00:02]} 34. bxc4 {[%emt 0:00:07]} Ng4 {[%emt 0:00:10]} 35. Nxf7 {[%emt 0:00:08]} Rd2 {[%emt 0:00:31]} 36. Bd5 {[%emt 0:00:13]} Kg7 {[%emt 0:00:04]} 37. e6 {[%emt 0:00:39]} Ne3 {[%emt 0:00:10]} 38. Ng5 {[%emt 0:00:27]} Nxf1 {[%emt 0:00:06]} 39. Ne4 {[%emt 0:00:07]} Rc2 {[%emt 0:00:36] '} 40. e7 {[%emt 0:00:03]} Ne3 {[%emt 0:00:06]} 41. Nc3 {[%emt 0:00:06]} Rxc3 {[%emt 0:00:05]} 42. Bc6 {[%emt 0:00:02]} Rc2 {[%emt 0:00:07]} 43. e8=Q {[%emt 0:00:01]} Rb1# {[%emt 0:00:04] Mate (Lag: Av=0.61s, max=18.3s)} 0-1

[Event "Meister gegen Talente NSV-II"]
[Site "Emanuel Lasker Arena"]
[Date "2020.11.07"]
[Round "1.1"]
[White "JR43"]
[Black "Sreyas2008"]
[Result "1-0"]
[WhiteElo "1577"]
[BlackElo "1512"]
[Annotator "NA RC"]
[PlyCount "51"]
[EventDate "2020.11.07"]
[EventType "match (rapid)"]
[WhiteTeam "SV Werder Bremen I"]

{Reuker, Jari (2394)} 1. d4 {[%emt 0:00:05]} Nf6 {[%emt 0:00:04]} 2. c4 {[%emt 0:00:02]} e6 {[%emt 0:00:09]} 3. Nf3 {[%emt 0:00:24]} d5 {[%emt 0:00:09]} 4. g3 {[%emt 0:00:05]} b6 {[%emt 0:00:29]} 5. Bg2 {[%emt 0:00:18]} Bb7 {[%emt 0:00:09]} 6. cxd5 {[%emt 0:00:22]} exd5 {[%emt 0:00:14]} 7. O-O {[%emt 0:00:02]} Nbd7 {[%emt 0:00:45]} 8. Nc3 {[%emt 0:00:04]} Bd6 {[%emt 0:00:09]} 9. Nb5 {[%emt 0:00:12]} Ne4 {[%emt 0:00:24]} 10. Nxd6+ {[%emt 0:00:09]} Nxd6 {[%emt 0:00:23]} 11. Bg5 {[%emt 0:00:05]} f6 {[%emt 0:00:08]} 12. Bf4 {[%emt 0:00:01]} Ne4 {[%emt 0:00:46]} 13. Rc1 {[%emt 0:00:03]} Rc8 {[%emt 0:00:05]} 14. Qb3 {[%emt 0:00:34]} c5 {[%emt 0:00:11]} 15. Nd2 {[%emt 0:01:15]} c4 {[%emt 0:00:33]} 16. Qa3 {[%emt 0:00:34]} f5 {[%emt 0:00:27]} 17. Nxe4 {[%emt 0:00:23]} fxe4 {[%emt 0:00:23]} 18. f3 {[%emt 0:01:04]} g5 {[%emt 0:01:22]} 19. Bd6 {[%emt 0:00:21]} Qf6 {[%emt 0:00:05]} 20. fxe4 {[%emt 0:00:10]} Qxd4+ {[%emt 0:00:18]} 21. e3 {[%emt 0:00:04]} Qd2 {[%emt 0:00:25]} 22. Bb4 {[%emt 0:02:06]} Qe2 {[%emt 0:00:31]} 23. Bf3 {[%emt 0:00:03]} Qd3 {[%emt 0:00:07]} 24. Bh5+ {[%emt 0:00:02]} Kd8 {[%emt 0:00:03]} 25. Be7+ {[%emt 0:00:01]} Kc7 {[%emt 0:00:01]} 26. Qd6# {[%emt 0:00:01] (Lag: Av=0.85s, max=1.6s)} 1-0

[Event "Meister gegen Talente NSV-II"]
[Site "Emanuel Lasker Arena"]
[Date "2020.11.07"]
[Round "1.1"]
[White "Christiqn"]
[Black "Sreyas2008"]
[Result "0-1"]
[WhiteElo "1557"]
[BlackElo "1575"]
[Annotator "NA RC"]
[PlyCount "52"]
[EventDate "2020.11.07"]
[EventType "match (rapid)"]

1. b3 {[%emt 0:00:04]} c5 {[%emt 0:00:14]} 2. Bb2 {[%emt 0:00:01]} Nc6 {[%emt 0:00:03]} 3. e4 {[%emt 0:00:01]} d6 {[%emt 0:00:06]} 4. Bb5 {[%emt 0:00:15]} Nf6 {[%emt 0:00:08]} 5. Nc3 {[%emt 0:00:34]} Bd7 {[%emt 0:00:06]} 6. Nf3 {[%emt 0:00:10]} a6 {[%emt 0:00:08]} 7. Bxc6 {[%emt 0:00:02]} Bxc6 {[%emt 0:00:22]} 8. Qe2 {[%emt 0:00:12]} g6 {[%emt 0:00:15]} 9. d4 {[%emt 0:00:47]} Bg7 {[%emt 0:00:19]} 10. O-O-O {[%emt 0:00:18]} cxd4 {[%emt 0:00:24]} 11. Nxd4 {[%emt 0:00:00]} O-O {[%emt 0:00:02]} 12. e5 {[%emt 0:00:07]} Nd5 {[%emt 0:00:27]} 13. Nxc6 {[%emt 0:00:07]} Nxc3 {[%emt 0:00:07]} 14. Bxc3 {[%emt 0:02:40]} bxc6 {[%emt 0:00:04]} 15. h4 {[%emt 0:00:02]} Qb6 {[%emt 0:00:28]} 16. h5 {[%emt 0:00:16]} Qc5 {[%emt 0:01:11]} 17. Bd4 {[%emt 0:00:06]} Qa5 {[%emt 0:00:35]} 18. exd6 {[%emt 0:01:00]} Bxd4 {[%emt 0:00:47]} 19. Rxd4 {[%emt 0:00:01]} Qc3 {[%emt 0:00:02]} 20. Rhd1 {[%emt 0:00:54]} Qa1+ {[%emt 0:00:06]} 21. Kd2 {[%emt 0:00:05]} Qxd4+ {[%emt 0:00:00]} 22. Ke1 {[%emt 0:00:09]} Qb4+ {[%emt 0:00:05]} 23. Kf1 {[%emt 0:00:08]} exd6 {[%emt 0:00:04]} 24. Qe7 {[%emt 0:00:01]} Rae8 {[%emt 0:00:15]} 25. Qf6 {[%emt 0:00:01]} Qb5+ {[%emt 0:00:06]} 26. c4 {[%emt 0:00:01]} Qxh5 {[%emt 0:00:01] Christiqn gibt auf (Lag: Av=0.63s, max=2.8s)} 0-1

[Event "Meister gegen Talente NSV-II"]
[Site "Emanuel Lasker Arena"]
[Date "2020.11.07"]
[Round "1.1"]
[White "Johvon"]
[Black "JR43"]
[Result "0-1"]
[WhiteElo "1510"]
[BlackElo "1633"]
[Annotator "NA RC"]
[PlyCount "66"]
[EventDate "2020.11.07"]
[EventType "match (rapid)"]
[BlackTeam "SV Werder Bremen I"]

{- Reuker, Jari (2394)} 1. d4 {[%emt 0:00:04]} d5 {[%emt 0:00:19]} 2. c4 {[%emt 0:00:04]} e6 {[%emt 0:00:02]} 3. Nc3 {[%emt 0:00:04]} c6 {[%emt 0:00:01]} 4. Nf3 {[%emt 0:00:03]} dxc4 {[%emt 0:00:03]} 5. a4 {[%emt 0:00:03]} Bb4 {[%emt 0:00:03]} 6. e3 {[%emt 0:00:02]} b5 {[%emt 0:00:02]} 7. Bd2 {[%emt 0:00:02]} a5 {[%emt 0:00:06]} 8. axb5 {[%emt 0:00:01]} Bxc3 {[%emt 0:00:02]} 9. Bxc3 {[%emt 0:00:00]} cxb5 {[%emt 0:00:01]} 10. b3 {[%emt 0:00:00]} Bb7 {[%emt 0:00:01]} 11. bxc4 {[%emt 0:00:02]} b4 {[%emt 0:00:01]} 12. Bb2 {[%emt 0:00:13]} Nf6 {[%emt 0:00:03]} 13. Bd3 {[%emt 0:00:02]} O-O {[%emt 0:00:02]} 14. O-O {[%emt 0:00:07]} Nbd7 {[%emt 0:00:01]} 15. Nd2 {[%emt 0:00:44]} Qc7 {[%emt 0:00:03]} 16. e4 {[%emt 0:00:06]} e5 {[%emt 0:00:15]} 17. d5 {[%emt 0:00:03]} Nc5 {[%emt 0:00:12]} 18. Bc2 {[%emt 0:00:02]} Nfd7 {[%emt 0:01:32]} 19. Ra2 {[%emt 0:00:20]} Ra6 {[%emt 0:00:35]} 20. Qa1 {[%emt 0:00:28]} Rfa8 {[%emt 0:00:03]} 21. Nb3 {[%emt 0:00:37]} Nxb3 {[%emt 0:00:13]} 22. Bxb3 {[%emt 0:00:02]} a4 {[%emt 0:02:42]} 23. Bxa4 {[%emt 0:01:15]} Qxc4 {[%emt 0:01:53]} 24. Rc1 {[%emt 0:00:45]} Qxe4 {[%emt 0:00:42]} 25. f3 {[%emt 0:04:03]} Qe3+ {[%emt 0:01:07]} 26. Kh1 {[%emt 0:00:03]} Bxd5 {[%emt 0:00:28]} 27. Re1 {[%emt 0:02:35]} Qa7 {[%emt 0:01:27]} 28. Rxe5 {[%emt 0:02:02]} Nxe5 {[%emt 0:00:38]} 29. Bd4 {[%emt 0:00:36]} Qb7 {[%emt 0:00:38]} 30. Bxe5 {[%emt 0:00:44]} Bxa2 {[%emt 0:00:13]} 31. Bxg7 {[%emt 0:00:10]} f6 {[%emt 0:01:12]} 32. Bxf6 {[%emt 0:00:29]} Rxa4 {[%emt 0:00:04]} 33. Qe5 {[%emt 0:01:05]} Qf7 {[%emt 0:00:46] Johvon gibt auf (Lag: Av=0.65s, max=0.9s)} 0-1

[Event "Meister gegen Talente NSV-II"]
[Site "Emanuel Lasker Arena"]
[Date "2020.11.07"]
[Round "1.1"]
[White "Jan2020"]
[Black "Agile_Pangolin"]
[Result "0-1"]
[WhiteElo "1458"]
[BlackElo "1796"]
[Annotator "NA RC"]
[PlyCount "60"]
[EventDate "2020.11.07"]
[EventType "match (rapid)"]

1. Nf3 {[%emt 0:00:05] Agile_Pangolin reconnected.} c5 {[%emt 0:00:51]} 2. c4 {[%emt 0:00:12]} Nf6 {[%emt 0:00:02]} 3. Nc3 {[%emt 0:00:04]} e6 {[%emt 0:00:01]} 4. e3 {[%emt 0:00:35]} Nc6 {[%emt 0:00:04]} 5. d4 {[%emt 0:00:03]} d5 {[%emt 0:00:01]} 6. a3 {[%emt 0:00:02]} a6 {[%emt 0:00:03]} 7. dxc5 {[%emt 0:00:06]} Bxc5 {[%emt 0:00:02]} 8. b4 {[%emt 0:00:01]} Bd6 {[%emt 0:00:21]} 9. Bb2 {[%emt 0:01:00]} O-O {[%emt 0:01:17]} 10. cxd5 {[%emt 0:00:49]} exd5 {[%emt 0:00:00]} 11. Be2 {[%emt 0:00:16]} Be6 {[%emt 0:00:09]} 12. O-O {[%emt 0:00:40]} Rc8 {[%emt 0:00:24]} 13. Rc1 {[%emt 0:00:08]} Ne5 {[%emt 0:01:21]} 14. Nxe5 {[%emt 0:01:34]} Bxe5 {[%emt 0:00:00]} 15. Na4 {[%emt 0:00:09]} Bxb2 {[%emt 0:00:13]} 16. Nxb2 {[%emt 0:00:00]} Rxc1 {[%emt 0:01:21]} 17. Qxc1 {[%emt 0:00:00]} Qd6 {[%emt 0:00:01]} 18. Bf3 {[%emt 0:03:02]} Bg4 {[%emt 0:00:41]} 19. Qd1 {[%emt 0:00:26]} Bxf3 {[%emt 0:00:03]} 20. Qxf3 {[%emt 0:00:02]} Rc8 {[%emt 0:00:55]} 21. g3 {[%emt 0:03:59]} Rc3 {[%emt 0:01:05]} 22. Ra1 {[%emt 0:00:14]} h5 {[%emt 0:02:18]} 23. Na4 {[%emt 0:00:46]} Rc2 {[%emt 0:00:05]} 24. Qd1 {[%emt 0:00:27]} Qe5 {[%emt 0:00:32]} 25. Rc1 {[%emt 0:00:49]} Rxf2 {[%emt 0:00:45]} 26. Qd4 {[%emt 0:01:38]} Qf5 {[%emt 0:00:34]} 27. Qd1 {[%emt 0:00:03]} Ng4 {[%emt 0:00:14]} 28. Rc3 {[%emt 0:00:06]} Rg2+ {[%emt 0:00:07]} 29. Kxg2 {[%emt 0:00:03]} Qf2+ {[%emt 0:00:08]} 30. Kh3 {[%emt 0:00:03]} Qxh2# {[%emt 0:00:02] Mate (Lag: Av=1.58s, max=39.4s) Agile_Pangolin reconnected.} 0-1

[Event "Meister gegen Talente NSV-II"]
[Site "Emanuel Lasker Arena"]
[Date "2020.11.07"]
[Round "1.1"]
[White "Sreyas2008"]
[Black "PeterLaFleur"]
[Result "1-0"]
[WhiteElo "1451"]
[BlackElo "1777"]
[Annotator "NA RC"]
[PlyCount "71"]
[EventDate "2020.11.07"]
[EventType "match (rapid)"]

1. e4 {[%emt 0:00:11]} c6 {[%emt 0:00:03]} 2. d4 {[%emt 0:00:02]} d5 {[%emt 0:00:03]} 3. e5 {[%emt 0:00:05]} Bf5 {[%emt 0:00:06]} 4. Ne2 {[%emt 0:00:15]} e6 {[%emt 0:00:03]} 5. Ng3 {[%emt 0:00:05]} Bg6 {[%emt 0:00:02]} 6. c3 {[%emt 0:00:03]} c5 {[%emt 0:00:15]} 7. h4 {[%emt 0:00:20]} h5 {[%emt 0:00:04]} 8. Bg5 {[%emt 0:00:24]} Qb6 {[%emt 0:00:18]} 9. Qa4+ {[%emt 0:00:39]} Nc6 {[%emt 0:00:08]} 10. Bb5 {[%emt 0:00:09]} a6 {[%emt 0:00:24]} 11. Na3 {[%emt 0:00:28]} cxd4 {[%emt 0:00:49]} 12. cxd4 {[%emt 0:00:11]} Rc8 {[%emt 0:00:33]} 13. Bxc6+ {[%emt 0:00:11]} Rxc6 {[%emt 0:00:14]} 14. Rc1 {[%emt 0:00:09]} f6 {[%emt 0:03:06]} 15. Bd2 {[%emt 0:00:37]} fxe5 {[%emt 0:00:54]} 16. dxe5 {[%emt 0:00:20]} Bc5 {[%emt 0:00:26]} 17. O-O {[%emt 0:00:39]} Ne7 {[%emt 0:00:07]} 18. Ba5 {[%emt 0:00:33]} Qa7 {[%emt 0:00:13]} 19. b4 {[%emt 0:00:15]} b6 {[%emt 0:03:29]} 20. Bxb6 {[%emt 0:02:09]} Qxb6 {[%emt 0:00:15]} 21. bxc5 {[%emt 0:00:08]} Qc7 {[%emt 0:00:05]} 22. Ne2 {[%emt 0:00:20]} Bd3 {[%emt 0:00:35]} 23. Nd4 {[%emt 0:00:34]} Bxf1 {[%emt 0:00:11]} 24. Kxf1 {[%emt 0:00:29]} Kf7 {[%emt 0:00:34]} 25. Nxc6 {[%emt 0:00:07]} Nxc6 {[%emt 0:00:03]} 26. Qxa6 {[%emt 0:01:12]} Nxe5 {[%emt 0:00:48]} 27. Nb5 {[%emt 0:00:21]} Qb8 {[%emt 0:00:07]} 28. c6 {[%emt 0:00:28]} Qd8 {[%emt 0:02:07]} 29. c7 {[%emt 0:00:22]} Qxh4 {[%emt 0:00:03]} 30. c8=Q {[%emt 0:00:58]} Rxc8 {[%emt 0:00:06]} 31. Qxc8 {[%emt 0:00:09]} Qh1+ {[%emt 0:00:52]} 32. Ke2 {[%emt 0:00:09]} Qxg2 {[%emt 0:00:00]} 33. Rc7+ {[%emt 0:00:21]} Kf6 {[%emt 0:00:08]} 34. Qf8+ {[%emt 0:00:15]} Kg5 {[%emt 0:00:02]} 35. Rxg7+ {[%emt 0:00:03]} Ng6 {[%emt 0:00:01]} 36. Rxg6+ {[%emt 0:00:04] PeterLaFleur resigns (Lag: Av=0.48s, max=0.8s)} 1-0

[Event "Meister gegen Talente NSV-II"]
[Site "Emanuel Lasker Arena"]
[Date "2020.11.07"]
[Round "1.1"]
[White "Jemy64"]
[Black "Christiqn"]
[Result "0-1"]
[WhiteElo "1364"]
[BlackElo "1514"]
[Annotator "NA RC"]
[PlyCount "47"]
[EventDate "2020.11.07"]
[EventType "match (rapid)"]

1. d4 {[%emt 0:00:03]} d5 {[%emt 0:00:06]} 2. Bf4 {[%emt 0:00:03]} Nf6 {[%emt 0:00:16]} 3. e3 {[%emt 0:00:05]} e6 {[%emt 0:00:13]} 4. Nd2 {[%emt 0:00:20]} Bd6 {[%emt 0:00:05]} 5. Bg3 {[%emt 0:00:13]} c5 {[%emt 0:00:17]} 6. c3 {[%emt 0:00:02]} Nc6 {[%emt 0:00:03]} 7. Ngf3 {[%emt 0:00:03]} O-O {[%emt 0:00:43]} 8. Bd3 {[%emt 0:00:03]} b6 {[%emt 0:00:11]} 9. Qe2 {[%emt 0:00:03]} Bb7 {[%emt 0:00:02]} 10. Rd1 {[%emt 0:00:03]} Qc7 {[%emt 0:00:03]} 11. e4 {[%emt 0:00:12]} e5 {[%emt 0:02:03]} 12. dxc5 {[%emt 0:00:41]} Bxc5 {[%emt 0:02:27]} 13. exd5 {[%emt 0:01:01]} Nxd5 {[%emt 0:00:22]} 14. Ne4 {[%emt 0:00:15]} Be7 {[%emt 0:00:23]} 15. h4 {[%emt 0:00:16]} Nf4 {[%emt 0:00:36]} 16. Bxf4 {[%emt 0:00:12]} exf4 {[%emt 0:00:00] Jemy64 reconnected.} 17. Nfg5 {[%emt 0:04:42]} h6 {[%emt 0:00:55]} 18. Qh5 {[%emt 0:02:15]} Rae8 {[%emt 0:00:37]} 19. Kf1 {[%emt 0:00:20]} Ne5 {[%emt 0:00:19]} 20. Bc2 {[%emt 0:00:07]} Qc6 {[%emt 0:02:07]} 21. Nh7 {[%emt 0:01:13]} Kxh7 {[%emt 0:02:10]} 22. Qxe5 {[%emt 0:00:03]} f5 {[%emt 0:00:30]} 23. Ng5+ {[%emt 0:02:15]} Bxg5 {[%emt 0:00:06]} 24. Qd4 {[%emt 0:00:57] Jemy64 resigns Jemy64 reconnected.} 0-1